| 000 | 01801nam a2200445Ii 4500 | ||
|---|---|---|---|
| 001 | DIGLCATRTA0272 | ||
| 003 | NyNyDIG | ||
| 006 | m o d | ||
| 007 | cr ||||||||||| | ||
| 008 | 211128s2019 sp a ob 000 0 spa d | ||
| 035 | _a(OCoLC)1287828647 | ||
| 040 |
_aDGITA _beng _erda _epn _cDGITA |
||
| 020 |
_a9788490977439 _qeBook |
||
| 020 | _z9788490977330 | ||
| 050 | 1 | 4 | _aRA418 ebook |
| 245 | 0 | 4 |
_aLos imaginarios colectivos, la salud pública y la vida : _bpara conversar desde las artes sobre nuestro bienestar en sociedad / _cMiquel Porta (ed.) ; prólogo de Rosa Ballester ; epílogo de Victoria Camps ; Itziar Larizgoitia [and 26 others] |
| 264 | 1 |
_aMadrid : _bCatarata, _c2019. |
|
| 300 |
_a1 online resource : _billustrations. |
||
| 336 |
_atext _btxt _2rdacontent |
||
| 337 |
_acomputer _bc _2rdamedia |
||
| 338 |
_aonline resource _bcr _2rdacarrier |
||
| 347 |
_atext file _2rdaft |
||
| 347 | _bEPUB | ||
| 504 | _aIncludes bibliographical references. | ||
| 588 | 0 | _aOnline resource; title from ePub title page (Digitalia, viewed November 28, 2021) | |
| 650 | 0 | _aSocial medicine. | |
| 650 | 0 |
_aHealth _xPhilosophy. |
|
| 650 | 0 | _aPublic welfare. | |
| 655 | 0 | _aElectronic books. | |
| 700 | 1 |
_aPorta, Miquel, _eeditor. |
|
| 700 | 1 |
_aBallester, Rosa, _econtributor agent of text. |
|
| 700 | 1 |
_aCamps, Victoria, _econtributor agent of text. |
|
| 700 | 1 |
_aLarizgoitia, Itziar, _eauthor. |
|
| 791 | 2 |
_aDigitalia (Firm), _edistributor. |
|
| 793 | 0 |
_gDigitalia eBook Collection: _aLos libros de la catarata |
|
| 776 | 0 | 8 |
_iPrint version: _tImaginarios colectivos, la salud pública y la vida. _dMadrid : Catarata, 2019 _z9788490977330 |
| 856 | 4 | 0 |
_3Digitalia Hispánica _uhttps://www.digitaliapublishing.com/a/81134/ |
| 910 | _aPremium collection: 2021 | ||
| 942 | _cRAA | ||
| 999 |
_c265148 _d265148 |
||